<?xml version="1.0" encoding="UTF-8"?>
<record
    xmlns:xsi="http://www.w3.org/2001/XMLSchema-instance"
    xsi:schemaLocation="http://www.loc.gov/MARC21/slim http://www.loc.gov/standards/marcxml/schema/MARC21slim.xsd"
    xmlns="http://www.loc.gov/MARC21/slim">

  <leader>01916cam a2200325 i 4500</leader>
  <controlfield tag="003">SA-RiAUC</controlfield>
  <controlfield tag="005">20240922142407.0</controlfield>
  <controlfield tag="008">240919s2000    ua o   g      00000 ara c</controlfield>
  <datafield tag="020" ind1=" " ind2=" ">
    <subfield code="a">9775250757</subfield>
  </datafield>
  <datafield tag="024" ind1="0" ind2=" ">
    <subfield code="a">00000000282224</subfield>
  </datafield>
  <datafield tag="024" ind1="0" ind2=" ">
    <subfield code="a">00000000968582</subfield>
  </datafield>
  <datafield tag="040" ind1=" " ind2=" ">
    <subfield code="a">SA-RiAUC</subfield>
    <subfield code="b">ara</subfield>
    <subfield code="c">SA-RiAUC</subfield>
    <subfield code="d">KAC</subfield>
    <subfield code="e">rda</subfield>
  </datafield>
  <datafield tag="043" ind1=" " ind2=" ">
    <subfield code="a">f-ua---</subfield>
  </datafield>
  <datafield tag="050" ind1=" " ind2="4">
    <subfield code="b">S53 2000</subfield>
  </datafield>
  <datafield tag="082" ind1="0" ind2="4">
    <subfield code="a">962.1</subfield>
    <subfield code="q">SA-RiAUC</subfield>
  </datafield>
  <datafield tag="090" ind1=" " ind2=" ">
    <subfield code="a">962.1 </subfield>
    <subfield code="b"> &#x634; &#x64A; &#x627;</subfield>
  </datafield>
  <datafield tag="100" ind1="1" ind2=" ">
    <subfield code="a">&#x627;&#x644;&#x634;&#x64A;&#x627;&#x644;&#x60C; &#x62C;&#x645;&#x627;&#x644; &#x627;&#x644;&#x62F;&#x64A;&#x646;&#x60C;</subfield>
    <subfield code="d">1911-1967</subfield>
    <subfield code="e">&#x645;&#x624;&#x644;&#x641;.</subfield>
  </datafield>
  <datafield tag="245" ind1="1" ind2="0">
    <subfield code="a">&#x645;&#x62C;&#x645;&#x644; &#x62A;&#x627;&#x631;&#x64A;&#x62E; &#x62F;&#x645;&#x64A;&#x627;&#x637; :</subfield>
    <subfield code="b">&#x633;&#x64A;&#x627;&#x633;&#x64A;&#x627; &#x648;&#x627;&#x642;&#x62A;&#x635;&#x627;&#x62F;&#x64A;&#x627; /</subfield>
    <subfield code="c">&#x62A;&#x623;&#x644;&#x64A;&#x641; &#x627;&#x644;&#x62F;&#x643;&#x62A;&#x648;&#x631; &#x62C;&#x645;&#x627;&#x644; &#x627;&#x644;&#x62F;&#x64A;&#x646; &#x627;&#x644;&#x634;&#x64A;&#x627;&#x644;.</subfield>
  </datafield>
  <datafield tag="250" ind1=" " ind2=" ">
    <subfield code="a">&#x627;&#x644;&#x637;&#x628;&#x639;&#x629; &#x627;&#x644;&#x623;&#x648;&#x644;&#x649;.</subfield>
  </datafield>
  <datafield tag="264" ind1=" " ind2="1">
    <subfield code="a">&#x627;&#x644;&#x642;&#x627;&#x647;&#x631;&#x629; :</subfield>
    <subfield code="b">&#x645;&#x643;&#x62A;&#x628;&#x629; &#x627;&#x644;&#x62B;&#x642;&#x627;&#x641;&#x629; &#x627;&#x644;&#x62F;&#x64A;&#x646;&#x64A;&#x629;&#x60C;</subfield>
    <subfield code="c">2000.</subfield>
  </datafield>
  <datafield tag="300" ind1=" " ind2=" ">
    <subfield code="a">79 &#x635;&#x641;&#x62D;&#x629; :</subfield>
    <subfield code="b">&#x635;&#x648;&#x631; &#x61B;</subfield>
    <subfield code="c">24 &#xD7; 17 &#x633;&#x645;</subfield>
  </datafield>
  <datafield tag="336" ind1=" " ind2=" ">
    <subfield code="a">&#x646;&#x635;</subfield>
    <subfield code="b">txt</subfield>
    <subfield code="2">rdacontent</subfield>
    <subfield code="3">&#x643;&#x62A;&#x627;&#x628;</subfield>
  </datafield>
  <datafield tag="337" ind1=" " ind2=" ">
    <subfield code="a">&#x628;&#x62F;&#x648;&#x646; &#x648;&#x633;&#x64A;&#x637;</subfield>
    <subfield code="b">n</subfield>
    <subfield code="2">rdamedia</subfield>
  </datafield>
  <datafield tag="338" ind1=" " ind2=" ">
    <subfield code="a">&#x645;&#x62C;&#x644;&#x62F;</subfield>
    <subfield code="b">nc</subfield>
    <subfield code="2">rdacarrier</subfield>
  </datafield>
  <datafield tag="505" ind1="0" ind2=" ">
    <subfield code="a">&#x627;&#x644;&#x645;&#x62D;&#x62A;&#x648;&#x64A;&#x627;&#x62A; : &#x62F;&#x645;&#x64A;&#x627;&#x637; &#x641;&#x64A; &#x627;&#x644;&#x639;&#x635;&#x648;&#x631; &#x627;&#x644;&#x642;&#x62F;&#x64A;&#x645;&#x629;-&#x62F;&#x645;&#x64A;&#x627;&#x637; &#x641;&#x64A; &#x627;&#x644;&#x639;&#x635;&#x631; &#x627;&#x644;&#x639;&#x631;&#x628;&#x64A; : &#x627;&#x644;&#x641;&#x62A;&#x62D; &#x627;&#x644;&#x639;&#x631;&#x628;&#x64A;&#x60C; &#x641;&#x64A; &#x639;&#x635;&#x631; &#x627;&#x644;&#x625;&#x645;&#x627;&#x631;&#x629;&#x60C; &#x641;&#x64A; &#x627;&#x644;&#x639;&#x635;&#x631; &#x627;&#x644;&#x641;&#x627;&#x637;&#x645;&#x64A;&#x60C; &#x641;&#x64A; &#x627;&#x644;&#x639;&#x635;&#x631; &#x627;&#x644;&#x623;&#x64A;&#x648;&#x628;&#x64A; : &#x641;&#x64A; &#x639;&#x635;&#x631; &#x635;&#x644;&#x627;&#x62D; &#x627;&#x644;&#x62F;&#x64A;&#x646;&#x60C; &#x641;&#x64A; &#x639;&#x647;&#x62F; &#x627;&#x644;&#x645;&#x644;&#x643; &#x627;&#x644;&#x643;&#x627;&#x645;&#x644; &#x645;&#x62D;&#x645;&#x62F;&#x60C; &#x641;&#x64A; &#x639;&#x647;&#x62F; &#x627;&#x644;&#x645;&#x644;&#x643; &#x646;&#x62C;&#x645; &#x627;&#x644;&#x62F;&#x64A;&#x646; &#x623;&#x64A;&#x648;&#x628;-&#x641;&#x64A; &#x627;&#x644;&#x639;&#x635;&#x631; &#x627;&#x644;&#x645;&#x645;&#x644;&#x648;&#x643;&#x64A; : &#x62A;&#x62E;&#x631;&#x64A;&#x628; &#x62F;&#x645;&#x64A;&#x627;&#x637; &#x627;&#x644;&#x642;&#x62F;&#x64A;&#x645;&#x629;&#x60C; &#x642;&#x64A;&#x627;&#x645; &#x62F;&#x645;&#x64A;&#x627;&#x637; &#x627;&#x644;&#x62C;&#x62F;&#x64A;&#x62F;&#x629; ...-&#x62F;&#x645;&#x64A;&#x627;&#x637; &#x641;&#x64A; &#x627;&#x644;&#x639;&#x635;&#x631; &#x627;&#x644;&#x639;&#x62B;&#x645;&#x627;&#x646;&#x64A;-&#x62F;&#x645;&#x64A;&#x627;&#x637; &#x641;&#x64A; &#x639;&#x647;&#x62F; &#x627;&#x644;&#x62D;&#x645;&#x644;&#x629; &#x627;&#x644;&#x641;&#x631;&#x646;&#x633;&#x64A;&#x629;-&#x62F;&#x645;&#x64A;&#x627;&#x637; &#x641;&#x64A; &#x639;&#x647;&#x62F; &#x627;&#x644;&#x623;&#x633;&#x631;&#x629; &#x627;&#x644;&#x645;&#x62D;&#x645;&#x62F;&#x64A;&#x629; &#x627;&#x644;&#x639;&#x644;&#x648;&#x64A;&#x629;-&#x62A;&#x627;&#x631;&#x64A;&#x62E; &#x627;&#x644;&#x645;&#x62F;&#x64A;&#x646;&#x629; &#x627;&#x644;&#x627;&#x642;&#x62A;&#x635;&#x627;&#x62F;&#x64A;.</subfield>
  </datafield>
  <datafield tag="651" ind1=" " ind2="7">
    <subfield code="a">&#x62F;&#x645;&#x64A;&#x627;&#x637; (&#x645;&#x635;&#x631;)</subfield>
    <subfield code="x">&#x62A;&#x627;&#x631;&#x64A;&#x62E;</subfield>
    <subfield code="2">aucsh</subfield>
  </datafield>
  <datafield tag="942" ind1=" " ind2=" ">
    <subfield code="2">ddc</subfield>
    <subfield code="c">BOOK</subfield>
    <subfield code="n">0</subfield>
  </datafield>
  <datafield tag="949" ind1=" " ind2=" ">
    <subfield code="a">SA-JeALM</subfield>
    <subfield code="d">240919</subfield>
    <subfield code="u">mohamedma123</subfield>
    <subfield code="n">1</subfield>
  </datafield>
  <datafield tag="952" ind1=" " ind2=" ">
    <subfield code="0">0</subfield>
    <subfield code="1">0</subfield>
    <subfield code="2">ddc</subfield>
    <subfield code="4">0</subfield>
    <subfield code="7">0</subfield>
    <subfield code="a">WAHAB</subfield>
    <subfield code="b">WAHAB</subfield>
    <subfield code="d">2024-09-22</subfield>
    <subfield code="l">0</subfield>
    <subfield code="o">962.1 &#x634; &#x64A; &#x627;</subfield>
    <subfield code="p">000000647</subfield>
    <subfield code="r">2024-09-22 14:24:36</subfield>
    <subfield code="w">2024-09-22</subfield>
    <subfield code="y">BOOK</subfield>
  </datafield>
  <datafield tag="999" ind1=" " ind2=" ">
    <subfield code="c">474</subfield>
    <subfield code="d">474</subfield>
  </datafield>
</record>
